| 000 | 00660nam a2200193 a 4500 | ||
|---|---|---|---|
| 001 | 000041016 | ||
| 005 | 20201002034543.0 | ||
| 008 | 130925s1973 sp 001 0 spa d | ||
| 020 | _a8400038460 | ||
| 040 |
_aDO-SdBNP _bspa _cBNPHU |
||
| 100 | 1 |
_aCruz Pérez y Pérez, María _967479 |
|
| 245 | 1 | 0 |
_aBibliografia del teatro de Lope de Vega / _cMaría Cruz Pérez y Pérez. |
| 260 |
_aMadrid : _bInstituto de Filología, _c1973. |
||
| 300 |
_a128 p. ; _c25 cm. |
||
| 490 | 1 |
_aCuadernos bibliográficos ; _v29 |
|
| 500 | _aIncluye índice | ||
| 710 | 2 |
_aConsejo Superior de Investigaciones Científicas _94786 |
|
| 830 | 0 |
_aCuadernos bibliográficos ; _n29 _967480 |
|
| 999 |
_c40506 _d40506 |
||